00377nam a22001337a 450000500170000002000230001703500230004003700130006310000200007624500610009625000180015726000420017530000260021720180806114257.0 a8180900797c400.00 aB-223926, B-223925 aDPLbENG aDayanand, Swami aThe philosophy of religion in India /cby Swami Dayanand arev. ed. 2005 aDelhibBharatiya Kala Prakashanc2005 axxiii, 243p.c20 cms.